000 00713nam a2200181Ia 4500
008 100921s9999 xx 000 0 und d
082 _b38220
_a500 थ 91
100 _aघाणेकर प्र.के.
245 _aप्रयोग करू विज्ञान शिकू.
260 _bजयदीप प्रकाशन,पुणे.
_c1991
300 _a32
_bमयुरेष बुक एजन्सी,कराड
365 _b15
520 _aविज्ञान.
630 _aप्रयोग करू विज्ञान शिकू.
650 _aविज्ञान.
730 _aप्रयोग करू विज्ञान शिकू.
942 _cBOOK
999 _c787333
_d787330